MDQL
is popping MORE tags! Check the
thread
!
Quizzes
Events
Quiz Creation
Community
Videos
Private Events
Remove Ads
Sign In
Join for FREE
Feedback
Dark Mode
Quiz Categories
Sports
Geography
Music
Movies
Television
Just For Fun
Miscellaneous
History
Literature
Language
Science
Gaming
Entertainment
Religion
Holiday
For Kids
Quiz Lab
Recent
Popular Today
Quiz Kudos Today
Editor Picks
Curator Picks
Quizzes by...
Day
Popularity
Type
Ratings
Length
Year
Community
Subscriptions
Recent Discussions
Orange Saloon
Badges
Playlists
Quests
Create
Leaderboards
Showdown
Live 5
Trivia Bingo
Activity
Puzzle Library
Sporcle Events
Private Events
Virtual Trivia
Globe League
Become a Host
Pub Owners
SporcleCon
Opinionation
Our Games
Videos
Blog
Mobile Apps
Partnerships
Remove Ads and Go Orange
Feedback
Television
TV Characters
TV Show
Sitcom
Network
Friends
Reality Shows
Cast
South Park
Star Trek
The Simpsons
Doctor Who
Television
TV Characters
TV Show
Sitcom
Network
Friends
Reality Shows
Cast
South Park
Star Trek
The Simpsons
Doctor Who
Random Quiz
Search Sporcle
×
Curator Pick
Curator Pick
Television
Follow That Line
Select answers by clicking on text or image buttons
Select answers by clicking on text or image buttons
Clickable
Best Score? Go Orange.
Follow that Line: Parks and Recreation (season 3) Stats
Follow that Line: Parks and Recreation (season 3)
By
EmmaGM
10m
28 Questions
7,041 Plays
7,041 Plays
7,041 Plays
Comments
Comments
Give Quiz Kudos
Give Quiz Kudos
-
- Ratings
hide this ad
Forced Order
Answers have to be entered in order
Answers have to be entered in order
Replay
Link that replays current quiz
Next Quiz
Link to next quiz in quiz playlist
You Got
0%
They Got
Avg Score
82%
Avg Friend Score
Upgrade to see
Score Distribution
Jump to the score distribution portion of the page
Score
0/28
Timer
10:00
0
Plays Today
% Correct
And if I am, she tries to f*ck everything up.
89.8%
But the worst one by far is how thoughtful she can be.
88.6%
They're just pizza that's harder to eat.
88.5%
I'm gonna need a different metaphor to give this nine year old.
87.2%
Non-dancers, but you're feeling a little drunk?
86.9%
Are the scissors broken in your house, son?
86.9%
Getting run over by a Lexus.
86.3%
They were big into rhymes.
86.1%
I'm not. I don't even really have a home.
85.6%
And punching Lyndsay in the face and shoving a coffee filter down her pants.
85.3%
Did he die?
84.8%
I wouldn't wish it on my worst enemy.
84.3%
I like to think it applies to life.
84.3%
That's racist.
83.8%
% Correct
So I want to spend the rest of my life with you, is that cool?
83.7%
Yeah, they're going to develop a great rivalry.
83.4%
They have their part of the town and we have ours.
83.2%
Damn it, again?
83.2%
So, goodbye.
82.8%
Do whatever the hell you want. What do I care?
82.5%
It's called the ground when it's outside.
81.5%
Oh, really? Wow. Across the pond.
81.1%
Stop being so pretentious, Kyle.
78.7%
Would you mind if I joined you?
78.5%
Wait, are you asking me or telling me?
77%
Dude, shut up! That is awesome sauce!
74.2%
I want them to get together, sue me.
72%
Catching the number twelve bus to Satan's butthole?
60.7%
Quiz Playlist
Details
Report
Send in Message
Add To Playlist
Clickable:
Select answers by clicking on text or image buttons
Forced Order:
Answers have to be entered in order
Last Updated: Aug 28, 2017
Curator Pick in
Follow That Line
Quiz Scoreboard
CHALLENGE
Sign Up to Join the Scoreboard
Show All
Scores
Hide
Comments
May contain spoilers
Recently Published
Find the 'City' Movie
by crazypaving
Movies
60s
5x2 Blitz: Bands
by SL_Kpop136
Music
30s
Colored Red Africa Blitz
by spor1
Geography
30s
More to Explore
Quiz From the Vault
Featured Blog Post
14 Easter Pick-up Lines to Find Eggs With
hide this ad
You Might Also Like...
Tags
Follow That Line Quiz
Parks and Recreation
TV Quotes
Today's Top Quizzes in Television
Browse Television
hide this ad
Today's Top Quizzes in Follow That Line
Browse Follow That Line
Top Contributed Quizzes in Television
1
Survivor Journey Challenge
2
Brooklyn Nine Nine Logic Puzzle (How-To-Play)
3
Phoebe Buffay Quotes
4
Survivor Trivia
5
Total Drama Characters
6
Survivor Logic Puzzle: Heroes vs. Villains
7
One Tree Hill Logic Puzzle
8
Survivor Heroes vs. Villains Logic Puzzle
9
All US Survivor Seasons in Order
10
Adjectives in 00s TV Shows
Explore More
Trending Topics
Crossword
Marvel
Anime
Kpop
Harry Potter
Disney
NBA
Soccer
Puzzle
NFL
Pokémon
The Office
Song
Country
WWE
hide this ad
More By:
EmmaGM
Quiz
Plays
Rating
Category
Featured
Created
Follow that Line: Friends (season 4)
10,788
4.91
Television
Apr 21, 2015
Follow that Line: Friends (season 2)
10,030
4.68
Television
Apr 20, 2015
Follow that Line: Friends (season 7)
9,892
4.47
Television
Jun 28, 2015
Follow that Line: Friends (season 3)
8,733
4.83
Television
Apr 20, 2015
Follow that Line: Friends (season 8)
8,404
4.75
Television
Jun 29, 2015
Go to Creator's Profile
Score Distribution
Quiz Creator Spotlight
EmmaGM
Follow
Send a Message
Quizzes Created
-
Created Quiz Play Count
-
More By This Creator
Popular Quizzes Today
1
Colored Red Africa Blitz
2
Find the 'City' Movie
3
Find the US States - No Outlines Minefield
4
5x2 Blitz: Bands
5
The Countries of the World
6
Find the US States
7
US States
8
Find the Countries of Europe - No Outlines Minefield
More Television Quizzes
Draw the Seinfeld Logo by Episode Title
Editor's Pick
Trending Quizzes
Colored Red Europe Blitz I
Colored Red Africa Blitz II
Colored Red Europe Blitz II
Colored Red Africa Blitz III
Colored Red Europe Blitz III
Recently Updated
How Do You Spell That?
pecheneg
Godzilla Movies
pecheneg
Grab Bag: 4-10 Letters
pecheneg
2024 March Madness Bracket
pecheneg
Famous TV Couples
Peacemaker
Champions League XIs: Real Madrid
pecheneg
Largest US Cities 1790-2010
pecheneg
Rides in Walt Disney World
pecheneg
Most Oscar Losses (Acting)
pecheneg
Beyoncé Albums
pecheneg
Trending Topics
Crossword
Marvel
NBA
Harry Potter
Kpop
Disney
Anime
Puzzle
Song
Soccer
Pokémon
WWE
The Office
Country
NFL
Your Account Isn't Verified!
In order to create a playlist on Sporcle, you need to verify the email address you used during registration. Go to your
Sporcle Settings
to finish the process.
Report this User
Report this user for behavior that violates our
Community Guidelines
.
Details:
Send Report
Go to the Sporcle.com Mobile Site →
Comments